LEADER 01096nam a2200265 i 4500 001 000000157937 003 CaOOAMICUS 005 20070124000000.0 008 070124s1975 it u000 u ita u 013 $a135300 040 $aSeMil$bita 240 14$aLes sentences des Pères du désert.$0(OLS)http://semarc/title/231723 245 10$aDetti e fatti dei padri del deserto /$cA cura di Cristina Campo e Piero Draghi. 260 $aMilano :$bRusconi,$c1975. 300 $a284 p. ;$c22 cm. 500 $aContiene : Bibliografia. - Fondo Card. Giovanni Colombo. 650 4$aPadri del deserto.$0(OLS)http://semarc/subject/2115 700 1 $aDraghi, Piero.$0(OLS)http://semarc/name/61629 700 1 $aCampo, Cristina,$d<1923-1977>.$0(OLS)http://semarc/name/23464 850 $aSeMil 852 $aSeMil$W1$xVenegono$y1$m1O III 138$j109611$B109611$CSeMilBibl$Z2$F119225 $81 941 1 $a3 961 $aLascito: Colombo Card. Giovanni 996 $6245$aDetti e fatti dei padri del deserto$9(OLS)http://semarc/title/231722 996 $6260$aMilano :$bRusconi$9(OLS)http://semarc/publisher/30258 LEADER 00939nam a2200241 i 4500 001 000000165124 003 CaOOAMICUS 005 20230116161114.0 008 071009s1970 it u000 u ita u 040 $aSeMil$bita 100 1 $aO'Hara, John Henry,$d<1905-1970>.$0(OLS)http://semarc/name/62322 245 10$a32 racconti /$cJohn O'Hara ; introduzione di Lionel Trilling. 264 1$aMilano :$bRizzoli,$c1970. 300 $a237 p. ;$c23 cm. 490 1 $aRomanzi italiani e stranieri 700 1 $aTrilling, Lionel,$d<1905-1975>.$0(OLS)http://semarc/name/17364 830 0$aRomanzi italiani e stranieri.$0(OLS)http://semarc/title/24380 850 $aSeMil 852 $aSeMil$W1$xVenegono$y1$m1U V 82$j236442$B116321$CSeMilBibl$Z2$F127254 $81 961 $aRecupero: Altro 996 $6245$a32 racconti$9(OLS)http://semarc/title/235665 996 $6264$aMilano :$bRizzoli$9(OLS)http://semarc/publisher/29824